| 000 | 00423nam a22001697a 4500 | ||
|---|---|---|---|
| 003 | OSt | ||
| 020 | _a9788131725634 | ||
| 082 |
_a337 _bPAU/IN |
||
| 100 | _aPAUL R KRUGMAN , MAURICE OBSTFELD | ||
| 245 |
_aINTERNATIONAL ECONOMICS _bTHEORY AND POLICY |
||
| 250 | _a1ST | ||
| 260 |
_aNEW DELHI _bPEARSON _c2013 |
||
| 300 | _a706 | ||
| 650 | _aWORLD TRADE | ||
| 700 | _aPAUL R KRUGMAN , MAURICE OBSTFELD | ||
| 942 |
_2ddc _cBK |
||
| 999 |
_c189312 _d189312 |
||